La Soledad del trabajo /

Uloženo v:
Podrobná bibliografie
Hlavní autor: Thiry Cherques, Herman Roberto
Médium: Text
Témata:
Tagy: Přidat tag
Žádné tagy, Buďte první, kdo vytvoří štítek k tomuto záznamu!

MARC

LEADER 00000 a a2200000 04500
001 18756
003
040
100 |a Thiry Cherques, Herman Roberto  
245 |a La Soledad del trabajo /  |c Herman Roberto Thiry Cherques 
650 |a TRABAJO  
650 |a TRABAJADORES  
650 |a CAMBIO SOCIAL  
650 |a SOCIEDAD POSTINDUSTRIAL  
773 |g volumen 6, número 13 -14; páginas 100-113  
999 |c 39460  |d 39460